[Event "Swiss Queens Wed #23"]
[Site "FIDE Online Arena INT"]
[Date "2024.07.03"]
[Round "5"]
[White "Ganesh, Linggeswary"]
[Black "Lakshmi, Priya Batta"]
[Result "0-1"]
[WhiteElo "1519"]
[BlackElo "1420"]
[PlyCount "140"]
[EventDate "2024.07.03"]
[EventType "swiss (blitz)"]
[EventRounds "11"]
[EventCountry "NET"]
[SourceTitle "CBM 221 Extra"]
[Source "ChessBase"]
[SourceDate "2024.09.30"]
[SourceVersion "1"]
[SourceVersionDate "2024.09.30"]
[SourceQuality "1"]

1. e4 c6 2. d4 d5 3. exd5 cxd5 4. Bd3 Nc6 5. Nf3 Bg4 6. c3 e6 7. Bg5 Be7 8. Bf4 Nf6 9. Nbd2 h6 10. 0-0 0-0 11. Re1 Nh5 12. Bg3 Nxg3 13. fxg3 Qc7 14. Qc2 Rac8 15. a3 Qd6 16. Re2 Bg5 17. Rae1 Bxd2 18. Qxd2 Bxf3 19. gxf3 Rfe8 20. Bc2 e5 21. dxe5 Rxe5 22. f4 Rxe2 23. Rxe2 Ne7 24. Qd4 Ng6 25. Qxa7 Ne7 26. Qxb7 Re8 27. Qa7 Kf8 28. Qd4 Nc6 29. Rxe8+ Kxe8 30. Qxg7 Qc5+ 31. Kg2 Qe3 32. Ba4 Qe4+ 33. Kh3 Qxa4 34. Qg8+ Ke7 35. Qh8 Qe4 36. Qxh6 Qf5+ 37. Kg2 Qc2+ 38. Kh3 Qf5+ 39. Kg2 Nd8 40. Qg5+ Ke6 41. Qxd8 Qc2+ 42. Kh3 Qxb2 43. Qc8+ Kf6 44. a4 Qb1 45. Qd8+ Kg6 46. Qxd5 Qf1+ 47. Kg4 Qe2+ 48. Qf3 f5+ 49. Kh3 Qxf3 50. a5 Qxc3 51. a6 Qa3 52. a7 Qxa7 53. g4 fxg4+ 54. Kxg4 Qg1+ 55. Kf3 Qxh2 56. Ke4 Kf6 57. f5 Qf2 58. Kd5 Qxf5+ 59. Kd4 Qe6 60. Kd3 Kf5 61. Kd4 Qe4+ 62. Kc3 Qd5 63. Kc2 Ke4 64. Kc3 Qd3+ 65. Kb4 Qc2 66. Kb5 Kd5 67. Kb6 Qc6+ 68. Ka5 Qb7 69. Ka4 Kc4 70. Ka3 Qb3# 0-1

[Event "Swiss Queens Wed #23"]
[Site "FIDE Online Arena INT"]
[Date "2024.07.03"]
[Round "1"]
[White "Lakshmi, Priya Batta"]
[Black "Kashlinskaya, Alina"]
[Result "0-1"]
[WhiteElo "1420"]
[BlackElo "2474"]
[PlyCount "40"]
[EventDate "2024.07.03"]
[EventType "swiss (blitz)"]
[EventRounds "11"]
[EventCountry "NET"]
[SourceTitle "CBM 221 Extra"]
[Source "ChessBase"]
[SourceDate "2024.09.30"]
[SourceVersion "1"]
[SourceVersionDate "2024.09.30"]
[SourceQuality "1"]

1. e4 c5 2. c3 d5 3. exd5 Qxd5 4. d4 Nf6 5. Nf3 Nc6 6. Be2 e6 7. Be3 cxd4 8. cxd4 Bb4+ 9. Nc3 0-0 10. 0-0 Qd6 11. a3 Bxc3 12. bxc3 b6 13. Bd3 Bb7 14. Qc2 h6 15. c4 Rac8 16. Qb1 Rfd8 17. Bc2 Ng4 18. c5 Qb8 19. cxb6 Nxd4 20. Nxd4 Qxh2# 0-1

[Event "Swiss Queens Wed #18"]
[Site "FIDE Online Arena INT"]
[Date "2024.05.29"]
[Round "4"]
[White "Lakshmi, Priya Batta"]
[Black "Saranya, Devi Narahari"]
[Result "0-1"]
[WhiteElo "1420"]
[BlackElo "1602"]
[PlyCount "102"]
[EventDate "2024.05.29"]
[EventType "swiss (blitz)"]
[EventRounds "11"]
[EventCountry "NET"]
[SourceTitle "CBM 220 Extra"]
[Source "ChessBase"]
[SourceDate "2024.07.31"]
[SourceVersion "1"]
[SourceVersionDate "2024.07.31"]
[SourceQuality "1"]

1. e4 c5 2. c3 d5 3. exd5 Qxd5 4. d4 Nf6 5. Nf3 Nc6 6. Be3 Bg4 7. Be2 e6 8. h3 Bh5 9. 0-0 Be7 10. Nbd2 0-0 11. c4 Qd7 12. dxc5 Rfd8 13. Qc2 Bg6 14. Qc3 Qc7 15. Nh4 Nd7 16. Nxg6 hxg6 17. Nf3 Nxc5 18. Bxc5 Bxc5 19. a3 Nd4 20. Nxd4 Bxd4 21. Qc2 Rac8 22. Rad1 Bf6 23. b3 Qa5 24. a4 Qb4 25. Bf3 b6 26. Bb7 Rb8 27. Bf3 Qc3 28. Rxd8+ Rxd8 29. Qxc3 Bxc3 30. Rc1 Bb4 31. Rc2 Rd3 32. Be4 Rxb3 33. Re2 Kf8 34. Bf3 Ke7 35. Re5 Ra3 36. Rb5 Rxa4 37. Bc6 Ra1+ 38. Kh2 Bd6+ 39. g3 Rc1 40. Bf3 Rxc4 41. Be2 Rc2 42. Bd3 Rxf2+ 43. Kg1 Bxg3 44. Kh1 Rd2 45. Bxg6 fxg6 46. Rxb6 axb6 47. Kg1 Kf6 48. Kf1 Kf5 49. Kg1 Kf4 50. Kf1 Kf3 51. h4 Rd1# 0-1

[Event "Swiss Queens Wed #16"]
[Site "FIDE Online Arena INT"]
[Date "2024.05.15"]
[Round "5"]
[White "Gomez Barrera, Javiera Belen"]
[Black "Lakshmi, Priya Batta"]
[Result "1-0"]
[WhiteElo "2209"]
[BlackElo "1420"]
[PlyCount "45"]
[EventDate "2024.05.15"]
[EventType "swiss (blitz)"]
[EventRounds "11"]
[EventCountry "NET"]
[SourceTitle "CBM 220 Extra"]
[Source "ChessBase"]
[SourceDate "2024.07.31"]
[SourceVersion "1"]
[SourceVersionDate "2024.07.31"]
[SourceQuality "1"]

1. e4 c6 2. d4 d5 3. e5 e6 4. f4 c5 5. c3 cxd4 6. cxd4 Nc6 7. Nf3 f6 8. Nc3 fxe5 9. fxe5 Bb4 10. Bd3 Nge7 11. 0-0 0-0 12. a3 Ba5 13. Bg5 Bb6 14. Ne2 h6 15. Bh4 Qd7 16. g4 Bd8 17. Bc2 b5 18. Qd3 g6 19. Bf6 Ba6 20. Nf4 Bb7 21. Nxg6 a5 22. Nxe7+ Nxe7 23. Qh7# 1-0

[Event "Swiss Queens Wed #16"]
[Site "FIDE Online Arena INT"]
[Date "2024.05.15"]
[Round "2"]
[White "Lakshmi, Priya Batta"]
[Black "Kosteniuk, Alexandra"]
[Result "0-1"]
[WhiteElo "1420"]
[BlackElo "2501"]
[PlyCount "112"]
[EventDate "2024.05.15"]
[EventType "swiss (blitz)"]
[EventRounds "11"]
[EventCountry "NET"]
[SourceTitle "CBM 220 Extra"]
[Source "ChessBase"]
[SourceDate "2024.07.31"]
[SourceVersion "1"]
[SourceVersionDate "2024.07.31"]
[SourceQuality "1"]

1. e4 c6 2. d4 d5 3. exd5 cxd5 4. Nf3 Nc6 5. Bd3 Nf6 6. c3 g6 7. Bf4 Bf5 8. Bxf5 gxf5 9. Nbd2 e6 10. 0-0 Rg8 11. Ne5 Nxe5 12. dxe5 Nd7 13. c4 Nb6 14. cxd5 Qxd5 15. Qe2 0-0-0 16. Rac1+ Kb8 17. Nf3 Qe4 18. Qxe4 fxe4 19. Bg5 Re8 20. Nd2 Rxg5 21. Nxe4 Rxe5 22. Nf6 Rd8 23. Nxh7 Be7 24. f4 Re2 25. Ng5 Rdd2 26. Rfd1 Rxg2+ 27. Kh1 Rxh2+ 28. Kg1 Rhg2+ 29. Kh1 Bxg5 30. fxg5 Rxd1+ 31. Rxd1 Rxg5 32. Rd8+ Kc7 33. Rf8 Rf5 34. Kg2 Nc4 35. Kh3 Nxb2 36. Kg4 Nc4 37. a4 Nd6 38. Rh8 e5 39. Rh7 e4 40. Rh1 b5 41. axb5 Rxb5 42. Kf4 f5 43. Rc1+ Kb6 44. Ke3 a5 45. Kf4 a4 46. Ke3 a3 47. Kf4 a2 48. Ke3 Rb1 49. Rxb1+ axb1Q 50. Kf4 Qf1+ 51. Ke3 f4+ 52. Kd2 e3+ 53. Kc2 Qc4+ 54. Kd1 Qd3+ 55. Ke1 Qd2+ 56. Kf1 Qf2# 0-1

[Event "Swiss Queens Wed #15"]
[Site "FIDE Online Arena INT"]
[Date "2024.05.08"]
[Round "3"]
[White "Lakshmi, Priya Batta"]
[Black "Nevska, Gerda"]
[Result "0-1"]
[WhiteElo "1419"]
[BlackElo "1872"]
[PlyCount "142"]
[EventDate "2024.05.08"]
[EventType "swiss (blitz)"]
[EventRounds "11"]
[EventCountry "NET"]
[SourceTitle "CBM 220 Extra"]
[Source "ChessBase"]
[SourceDate "2024.07.31"]
[SourceVersion "1"]
[SourceVersionDate "2024.07.31"]
[SourceQuality "1"]

1. e4 Nc6 2. d4 e5 3. Nf3 exd4 4. Bc4 Bc5 5. Ng5 Nh6 6. Nxf7 Nxf7 7. Bxf7+ Kxf7 8. Qh5+ g6 9. Qxc5 d6 10. Qd5+ Be6 11. Qb5 Rf8 12. 0-0 Qh4 13. Qd3 Ne5 14. Qxd4 Bh3 15. Qe3 Be6 16. Qf4+ Qxf4 17. Bxf4 Kg7 18. Bxe5+ dxe5 19. Nc3 c6 20. Rfd1 Rad8 21. h3 Rd4 22. Rxd4 exd4 23. Ne2 c5 24. b3 b6 25. Rd1 Bd7 26. c3 Bb5 27. c4 Bc6 28. Ng3 Re8 29. f3 Kf6 30. a4 a6 31. Ra1 Ke5 32. Ne2 d3 33. Nc3 Rd8 34. Rd1 Kd4 35. Ne2+ Ke3 36. Ng3 Kf4 37. Kf2 b5 38. Ne2+ Ke5 39. cxb5 axb5 40. a5 c4 41. bxc4 bxc4 42. Nc3 Kd4 43. Ne2+ Kc5 44. Nf4 Kb4 45. Ne6 Rd6 46. Nf4 Kc3 47. Ke3 Kc2 48. Rd2+ Kc3 49. a6 Ba8 50. Ne2+ Kb4 51. Nc1 Kc3 52. Ne2+ dxe2 53. Rxd6 e1Q+ 54. Kf4 Qh4+ 55. g4 Qf2 56. Rd7 Qb6 57. a7 Qf6+ 58. Kg3 Kb2 59. Rd2+ Kc3 60. Rg2 Kb3 61. Re2 c3 62. Re3 Kb2 63. Re2+ c2 64. Re1 Qe5+ 65. Kg2 c1Q 66. Rxc1 Kxc1 67. Kf2 Kd2 68. Kg2 Ke2 69. Kg1 Qg3+ 70. Kh1 Kf2 71. h4 Qg2# 0-1

[Event "Swiss Queens Wed #15"]
[Site "FIDE Online Arena INT"]
[Date "2024.05.08"]
[Round "10"]
[White "Lakshmi, Priya Batta"]
[Black "Yashvi, Jain"]
[Result "0-1"]
[WhiteElo "1419"]
[BlackElo "1817"]
[PlyCount "64"]
[EventDate "2024.05.08"]
[EventType "swiss (blitz)"]
[EventRounds "11"]
[EventCountry "NET"]
[SourceTitle "CBM 220 Extra"]
[Source "ChessBase"]
[SourceDate "2024.07.31"]
[SourceVersion "1"]
[SourceVersionDate "2024.07.31"]
[SourceQuality "1"]

1. e4 e5 2. Nf3 Nc6 3. d4 exd4 4. Bc4 Bc5 5. Ng5 Nh6 6. Nxf7 Nxf7 7. Bxf7+ Kxf7 8. Qh5+ g6 9. Qxc5 d5 10. Qxd5+ Qxd5 11. exd5 Re8+ 12. Kf1 Nb4 13. Na3 Nxd5 14. Bd2 b6 15. g3 Bh3+ 16. Kg1 Re2 17. Rd1 Rae8 18. Nc4 b5 19. Na3 Rxd2 20. Ra1 Rde2 21. f4 Rg2+ 22. Kf1 Rxc2+ 23. Kg1 Rg2+ 24. Kf1 Rxb2+ 25. Kg1 Rg2+ 26. Kf1 Rxa2+ 27. Kg1 Rxa1+ 28. Kf2 Rxh1 29. Nxb5 Rxh2+ 30. Kg1 Rg2+ 31. Kf1 Rb2+ 32. Kg1 Re1# 0-1

[Event "Swiss Queens Wed #14"]
[Site "FIDE Online Arena INT"]
[Date "2024.05.01"]
[Round "5"]
[White "Lakshmi, Priya Batta"]
[Black "Narva, Regina R"]
[Result "0-1"]
[WhiteElo "1420"]
[BlackElo "1922"]
[PlyCount "38"]
[EventDate "2024.05.01"]
[EventType "swiss (blitz)"]
[EventRounds "11"]
[EventCountry "NET"]
[SourceTitle "CBM 220 Extra"]
[Source "ChessBase"]
[SourceDate "2024.07.31"]
[SourceVersion "1"]
[SourceVersionDate "2024.07.31"]
[SourceQuality "1"]

1. e4 d5 2. exd5 Qxd5 3. Nc3 Qa5 4. Bc4 Nf6 5. d3 Bg4 6. Nf3 Nc6 7. Bd2 e6 8. 0-0 Qh5 9. h3 Bxh3 10. gxh3 Qxh3 11. Ng5 Qh4 12. Nf3 Qg4+ 13. Kh1 Qh3+ 14. Kg1 Bd6 15. Nb5 Ng4 16. Nxd6+ cxd6 17. Qe2 Nd4 18. Bb5+ Kf8 19. Nxd4 Qh2# 0-1

[Event "Swiss Queens Wed #14"]
[Site "FIDE Online Arena INT"]
[Date "2024.05.01"]
[Round "11"]
[White "Lakshmi, Priya Batta"]
[Black "Sriiyukthaa, Marksim Karki Abira"]
[Result "0-1"]
[WhiteElo "1420"]
[BlackElo "1489"]
[PlyCount "134"]
[EventDate "2024.05.01"]
[EventType "swiss (blitz)"]
[EventRounds "11"]
[EventCountry "NET"]
[SourceTitle "CBM 220 Extra"]
[Source "ChessBase"]
[SourceDate "2024.07.31"]
[SourceVersion "1"]
[SourceVersionDate "2024.07.31"]
[SourceQuality "1"]

1. e4 c5 2. c3 d5 3. exd5 Qxd5 4. Nf3 g6 5. d4 cxd4 6. Nxd4 Bg7 7. Be3 Nc6 8. Nxc6 Qxd1+ 9. Kxd1 bxc6 10. Nd2 Bb7 11. Bc4 Nf6 12. Nf3 0-0 13. Re1 e6 14. Ke2 Nd5 15. Kf1 Rfd8 16. Kg1 Nxe3 17. Rxe3 c5 18. h3 Bxf3 19. Rxf3 Rd2 20. Rb1 Rb8 21. Bb3 c4 22. Bxc4 Rbxb2 23. Rxb2 Rxb2 24. Rd3 Rc2 25. Rd7 Be5 26. g3 Rxc3 27. Bb3 Rc7 28. Rd8+ Kg7 29. Ra8 Bd4 30. Rd8 Bb6 31. Rd6 Rc1+ 32. Kg2 Rb1 33. Rd7 Kf8 34. Rb7 Rb2 35. Rb8+ Ke7 36. Rb7+ Kf6 37. h4 Rxf2+ 38. Kh1 h5 39. Kg1 Rxa2+ 40. Kf1 Rf2+ 41. Ke1 Rf3 42. Ke2 Rxb3 43. Kd2 Rxg3 44. Kc2 Rg4 45. Kd3 Rxh4 46. Rd7 a5 47. Rb7 Bc5 48. Rb5 Bb4 49. Kc2 e5 50. Kb3 e4 51. Ka4 e3 52. Rb6+ Kg5 53. Rb5+ f5 54. Kb3 e2 55. Re5 Re4 56. Rxe4 fxe4 57. Kc4 e1Q 58. Kd5 Qd2+ 59. Kc6 Qc3+ 60. Kd7 Qd4+ 61. Ke8 Qf6 62. Kd7 Qd6+ 63. Kc8 e3 64. Kb7 e2 65. Kc8 e1Q 66. Kb7 Qee7+ 67. Kc8 Qdd8# 0-1